Movies Quiz

Random Movies or Song Quiz

Song by Movie Scene Quiz Stats

Quiz Updated Mar 22, 2017

Challenge
Share
Tweet
Score 0/20 Timer 05:00
5 Plays Today
% Correct
Bohemian Rhapsody
57.8%
(I've Had) The Time of My Life
53.9%
Twist and Shout
49.7%
Afternoon Delight
48%
I'm a Believer
46.7%
Johnny B. Goode
43.4%
Old Time Rock and Roll
43%
Unchained Melody
40.8%
Man of Constant Sorrow
38.2%
Diamonds Are a Girl's Best Friend
36.5%
% Correct
Dude (Looks Like a Lady)
29.6%
Puttin' on the Ritz
28.2%
Flashdance...What a Feeling
27.1%
In Your Eyes
22.7%
Raindrops Keep Fallin' on My Head
22.5%
War
21.3%
I Got You Babe
20.8%
Auld Lang Syne
13%
Hip to Be Square
9.7%
Anything Goes
7.8%

You're not logged in!

Compare scores with friends on all Sporcle quizzes.
Sign Up with Email
OR
Log In

You Might Also Like...

Show Comments

Extras

Top Quizzes Today


Score Distribution

Your Account Isn't Verified!

In order to create a playlist on Sporcle, you need to verify the email address you used during registration. Go to your Sporcle Settings to finish the process.